000 00610 a2200181 4500
010 _aENG-86033
020 _a0070659362
_c350.00
035 _aEN-69566
037 _bD.B.Act / Pub
082 1 4 _a658.406
100 1 _aHess, Edward D.
245 1 _aThe road to organic growth :
_bhow great companies consistently grow marketshare from within /
_cby Edward D. Hess
260 _aNew Delhi
_bTata Mc-Graw Hill Publishing
_c2007
270 _a7, West Patel Nagar
_bNew Delhi
_e110 008
300 _axiv, 209 p.
_c23 cm. (Hb.)
500 _aIncludes index.
942 _adpl
_cEN
_2ddc
_h658.406
_mHES
999 _c4006
_d4006